| 000 | 00386nam a22001217a 4500 | ||
|---|---|---|---|
| 999 |
_c65456 _d65453 |
||
| 100 |
_aAltaf Ahmed Phulpoto _a19MCEM07 _aSupervisor - Prof. Dr. Noor Ahmed Memon |
||
| 245 | _aCompressive and Tensile Strength of Polypropylene | ||
| 260 |
_aNawabshah _bQUEST _c2019 |
||
| 300 | _a35p | ||
| 700 | _aDepartment of Civil Engineering | ||
| 856 | _uhttps://tinyurl.com/429werkz | ||
| 942 | _cTHESIS | ||